书目信息 |
| 题名: |
剑桥大学 哈佛大学
|
|
| 作者: | 宋立志 编著 | |
| 分册: | ||
| 出版信息: | 北京 北京联合出版公司 2015.6 |
|
| 页数: | 234页 | |
| 开本: | 23cm | |
| 丛书名: | 名人与名校 | |
| 单 册: | ||
| 中图分类: | K812.5 | |
| 科图分类: | ||
| 主题词: | 剑桥大学--校友--生平事迹 , 哈佛大学--校友--生平事迹 | |
| 电子资源: | ||
| ISBN: | 978-7-5502-5459-6 | |
| 000 | 00947oam2 2200265 45 | |
| 001 | 012001002851 | |
| 005 | 20140926114740.0 | |
| 010 | @a978-7-5502-5459-6@dCNY29.80 | |
| 100 | @a20150608d2015 em y0chiy0110 ea | |
| 101 | 0 | @achi |
| 102 | @aCN@b110000 | |
| 105 | @ay z 000yy | |
| 106 | @ar | |
| 200 | 1 | @a剑桥大学 哈佛大学@9jian qiao da xue ha bi da xue@f宋立志编著 |
| 210 | @a北京@c北京联合出版公司@d2015.6 | |
| 215 | @a234页@d23cm | |
| 225 | 2 | @a名人与名校 |
| 330 | @a本书介绍了剑桥大学以及哈佛大学毕业的多位科学家,呈现了他们作出的巨大贡献以及取得的辉煌成绩。奋战在科技战线的专家们呕心沥血,废寝忘食,为人类创造极为可观的精神物质财富,为人类社会的健康和谐发展做出了巨大的贡献。 | |
| 461 | 0 | @12001 @a名人与名校 |
| 606 | 0 | @a剑桥大学@x校友@x生平事迹 |
| 606 | 0 | @a哈佛大学@x校友@x生平事迹 |
| 690 | @aK812.5@v5 | |
| 701 | 0 | @a宋立志@9song li zhi@4编著 |
| 801 | 0 | @aCN@b上海新华@c20180901 |
| 905 | @b1161636-40@dK812.5@e43@f5 | |
| 剑桥大学 哈佛大学/宋立志编著.-北京:北京联合出版公司,2015.6 |
| 234页;23cm.-(名人与名校) |
| ISBN 978-7-5502-5459-6:CNY29.80 |
| 本书介绍了剑桥大学以及哈佛大学毕业的多位科学家,呈现了他们作出的巨大贡献以及取得的辉煌成绩。奋战在科技战线的专家们呕心沥血,废寝忘食,为人类创造极为可观的精神物质财富,为人类社会的健康和谐发展做出了巨大的贡献。 |
| ● |
| 相关链接 |
|
|
|
|
正题名:剑桥大学 哈佛大学
索取号:K812.5/43
 
预约/预借
| 序号 | 登录号 | 条形码 | 馆藏地/架位号 | 状态 | 备注 |
| 1 | 1161636 | 211616367 | 第二样本阅览室/ [索取号:K812.5/43] | 在馆 | |
| 2 | 1161637 | 211616376 | 第二借阅区/ [索取号:K812.5/43] | 在馆 | |
| 3 | 1161638 | 211616385 | 第二借阅区/ [索取号:K812.5/43] | 在馆 | |
| 4 | 1161639 | 211616394 | 第二借阅区/ [索取号:K812.5/43] | 在馆 | |
| 5 | 1161640 | 211616401 | 密集书库-史法系/ [索取号:K812.5/43] | 在馆 |